|
|
|
|
| LEADER |
00000cam a2200000 7i4500 |
| 001 |
0000024254 |
| 005 |
20120404.0 |
| 008 |
120403s njua eng |
| 020 |
|
|
|a 9780132319843 ,
|c RM320.00
|
| 040 |
|
|
|a INS
|
| 090 |
0 |
0 |
|a HD58.8
|b B63 2008
|
| 100 |
1 |
|
|a Black, J.Stewart
|
| 245 |
1 |
0 |
|a It starts with one :
|b changing individuals changes organizations
|c J.Stewart Black, Hal B Gregersen
|
| 260 |
|
|
|a New Jersey :
|b Pearson Education ,
|c 2008
|
| 300 |
|
|
|a xxvi, 162p. :
|b ill. ;
|c 23cm.
|
| 500 |
|
|
|a Includes index
|
| 650 |
|
0 |
|a Group decision making
|
| 650 |
|
0 |
|a Organization change
|x Planning
|
| 700 |
1 |
|
|a Gregersen, Hal B
|
| 999 |
|
|
|a 1000000738
|b BOOK
|c Open Shelf
|e Default branch
|